000 00700nam a22002057a 4500
999 _c13704
_d13704
003 AR-CdUCM
008 190416b ||||| |||| 00| 0 spa d
040 _aMUNICIPALIDAD PROVINCIAL DEL CUSCO
_cBIBLIOTECA MUNICIPAL DEL CUSCO
082 _aC / 985.61 /
_bV19 / 1970
100 _aValencia Zegarra, Alfredo
_918086
245 _aDos tumbas de Saqsaywaman /
260 _aCusco :
_c1970.
300 _a75 páginas ;
_c23 cm.
_bLaminas.
505 _aContenido : Tumba 1 -- Objetos asociados -- Los platos -- Olla en miniatura -- El alfiler ...
650 _aInvestigación
_91940
650 _aArqueología
_9371
650 _aCusqueña
_928622
942 _2ddc
_cLIBROS
945 _arah
_d16/04/2019